| 000 | 005870000a22001930004500 | ||
|---|---|---|---|
| 003 | LK-CoMWRAF | ||
| 005 | 20231102144512.0 | ||
| 008 | 230817t2001 ||||| |||| 00| 0 eng d | ||
| 020 | _a8125910573 | ||
| 040 |
_aLK-CoMWRAF _dLK-CoMWRAF _eLK-CoMWRAF |
||
| 041 | _aeng | ||
| 082 |
_a305.42 _bTHI |
||
| 100 | _aThiruchandran, Selvy | ||
| 245 |
_aFeminine Speech Transmissions; _ban exploration into the lullabies and dirges of women |
||
| 260 |
_aNew Delhi: _bVikas Publishing House, _c2001 |
||
| 300 |
_a xii, 88 p. _bbibliography and glossary included |
||
| 650 | _aFEMINISM | ||
| 942 | _cBK | ||
| 999 |
_c295 _d295 |
||